সংবাদ শেষাংশ / (Record no. 48953)
[ view plain ]
| 000 -LEADER | |
|---|---|
| fixed length control field | 00754nam a2200229 a 4500 |
| 001 - CONTROL NUMBER | |
| control field | 48953 |
| 003 - CONTROL NUMBER IDENTIFIER | |
| rucl marc code | BD-RjUL |
| 005 - DATE AND TIME OF LATEST TRANSACTION | |
| control field | 20211209054619.0 |
| 008 - FIXED-LENGTH DATA ELEMENTS--GENERAL INFORMATION | |
| fixed length control field | 160817s1975 bg ||||| |||| 00| 0 ben d |
| 035 ## - SYSTEM CONTROL NUMBER | |
| System control number | (BD-RjUL)49072 |
| 040 ## - CATALOGING SOURCE | |
| Original cataloging agency | BD-RjUL |
| Language of cataloging | ben |
| Transcribing agency | BD-RjUL |
| 041 ## - LANGUAGE CODE | |
| Language code of text/sound track or separate title | ben |
| 082 ## - DEWEY DECIMAL CLASSIFICATION NUMBER | |
| Edition number | 23 |
| Classification number | 891.442 |
| Author mark and year | AZS 1975 |
| 100 ## - MAIN ENTRY--PERSONAL NAME | |
| Personal name | আজাদ, আলাউদ্দিন আল |
| 9 (RLIN) | 126066 |
| 245 ## - TITLE STATEMENT | |
| Title | সংবাদ শেষাংশ / |
| Statement of responsibility, etc. | আলাউদ্দিন আল আজাদ |
| 250 ## - EDITION STATEMENT | |
| Edition statement | ১ম সং |
| 260 ## - PUBLICATION, DISTRIBUTION, ETC. (IMPRINT) | |
| Place of publication, distribution, etc. | ঢাকা : |
| Name of publisher, distributor, etc. | মুক্তধার, |
| Date of publication, distribution, etc. | ১৯৭৫. |
| 300 ## - PHYSICAL DESCRIPTION | |
| Pagination | ১২৭ পৃ. ; |
| Size | ২১ সেমি. |
| 650 ## - SUBJECT ADDED ENTRY--TOPICAL TERM | |
| Topical term or geographic name as entry element | বাংলা নাটক |
| 9 (RLIN) | 147416 |
| Topical term or geographic name as entry element | Bengali Drama |
| 9 (RLIN) | 147417 |
| 942 ## - ADDED ENTRY ELEMENTS (KOHA) | |
| Source of classification or shelving scheme | Dewey Decimal Classification |
| Koha item type | Books |
| Lost status | Source of classification or shelving scheme | Damaged status | Not for loan | Collection code | Permanent Location | Current Location | Shelving location | Date acquired | Source of acquisition | Cost, normal purchase price | Total Checkouts | Full call number | Date last seen | Copy number | Koha item type |
|---|---|---|---|---|---|---|---|---|---|---|---|---|---|---|---|
| Dewey Decimal Classification | Non-fiction | Central Library, University of Rajshahi | Central Library, University of Rajshahi | 30/06/1977 | Ureka book agency, Rajshahi | 8.00 | B 891.442 AZS 1975 | 17/08/2016 | C-2 | Books |